| 000 | 00851nam a2200265 a 4500 | ||
|---|---|---|---|
| 001 | 63122 | ||
| 003 | BD-RjUL | ||
| 005 | 20211209081148.0 | ||
| 008 | 170128s1989 mau b 001 0 eng d | ||
| 020 | _a0816187703 (alk. paper) | ||
| 035 | _a(BD-RjUL) 63250 | ||
| 040 |
_aBD-RjUL _cBD-RjUL _beng |
||
| 041 | _aeng | ||
| 082 | 0 | 0 |
_a 821.912 _223 _bGAC 1989 |
| 100 |
_aGeorge, Gaston _9187819 |
||
| 245 | 0 | 0 |
_aCritical essays on Dylan Thomas / _c[selected by] Georg Gaston. |
| 260 |
_aBoston : _bG.K. Hall, _cc1989. |
||
| 300 |
_aviii, 197 p. ; _c25 cm. |
||
| 500 | _aIncludes Index. | ||
| 650 |
_2Thomas, Dylan, _aCriticism and interpretation. _xIn literature. _9187821 |
||
| 651 | 0 |
_aWales _xIn literature. _9187822 |
|
| 856 | _3Critical essays on British literature | ||
| 942 |
_2ddc _cBK |
||
| 999 |
_c63122 _d63122 |
||